000 00757cam a22002052 4500
001 0000020893
005 20151217161201.0
008 111028s xx 000 0 eng d
040 _aKABU
_cKABU
245 1 0 _aLaw reports containing decisions of the Court of Appeal for Eastern Africa.
250 _a1st ed.
260 _aNairobi :
_bE. A. L. B.,
_c1935-1937.
300 _av.
650 0 _aLaw reports, digests, etc
_xPeriodicals.
_zAfrica, East.
_@0000160858
852 1 _9p369 KES
852 1 _9p369 KES
852 1 _9p369 KES
908 _a111028
950 _@1
999 _c15261
_d15261